1720 1290 1073 1092 1746 1926 1893 1559 1201 1736 1762 1420 1225 1128 1452 1654 1295 1479 1106 1839 1493 1944 1834 1878 1054 1032 1599 1529 1031 1252 1497 1656 1851 1161 1706 1809 1765 1586 1254 1634 1076 1124 1118 1499 1311 1633 1658 1601 1424 1465 1762 1329 1026 1125 1378 1589 1425 1129 1366 1694 1379 1486 1616 1546 1849 1169 1285 1136 1414 1593 1020 1247 1895 1991 1004 1940 1012 1422 1512 1669 1979 1972 1337 1576 1370 1544 1351 1837 1168 1507 1512 1557 1873 1153 1947 1746 1660 1189 1826 BCNSPRNW ULIB Ver.6.0+V

เปลี่ยนเป็นภาษาไทย

Change to English
 แสดงรายละเอียดบรรณานุกรม
  กลับหน้าหลัก

Brief Record : Get Marc (ISO 2709) : E-mail record : QR code < ปิดหน้าต่าง
LEADER : 00000nam 2200000uu 4500
001    13399125782
003     ULIB
008    170905s2559||||th 000 0 tha d
020    ^a9786162799426
060  4 ^aWY 160^bก492
245 00 ^aการพยาบาลจิตเวชศาสตร์ =^bPsychiatric nursing /^cบรรณาธิการ, ยาใจ สิทธิมงคล ... [และคนอื่น ๆ]
246 31 ^aPsychiatric nursing
250    ^aพิมพ์ครั้งที่ 2, ฉบับปรับปรุงครั้งที่ 1
260    ^aนครปฐม :^bภาควิชาสุขภาพจิตและการพยาบาลจิตเวชศาสตร์ คณะพยาบาลศาสตร์ มหาวิทยาลัยมหิดล,^c2559
300    ^a516 หน้า ;^bภาพประกอบ
650  2 ^aPsychiatric Nursing
650  4 ^aการพยาบาลจิตเวชศาสตร์
700 0  ^aยาใจ สิทธิมงคล,^eบรรณาธิการ
710 2  ^aมหาวิทยาลัยมหิดล.^bคณะพยาบาลศาสตร์.^bภาควิชาสุขภาพจิตและการพยาบาลจิตเวชศาสตร์
945    ^p450^l0^i25354
945    ^p450^l0^i25355
945    ^p450^l0^i25356
945    ^p450^l0^i25357
945    ^p450^l0^i25358
945    ^p450^l0^i25359
945    ^p450^l0^i25360
945    ^p450^l0^i25361
945    ^p450^l0^i25362
945    ^p450^l0^i25423
999    ^aกัณชพร จุลอักษร
รายการนี้ยังไม่มีแท็ก
คุณยังไม่ได้ล็อกอิน คุณสามารถมีกิจกรรมร่วมกับเว็บไซต์ได้ แต่ต้องล็อกอินก่อน ::
  ล็อกอิน

รายการสื่อสารสนเทศ

ลำดับที่ ประเภท เลขเรียก/บาร์โค้ด สถานที่ สถานะ
1. หนังสือสำรอง
หนังสือสำรอง
WY 160 ก492 ฉ.1 
  Barcode: 25354
ห้องสมุดวิทยาเขตนครสวรรค์
►หนังสือทั่วไป:l:General Books
บนชั้น
2. วิทยาศาสตร์การแพทย์ และสุขภาพ
วิทยาศาสตร์การแพทย์ และสุขภาพ
WY 160 ก492 ฉ.10 
  Barcode: 25362
ห้องสมุดวิทยาเขตนครสวรรค์
►หนังสือทั่วไป:l:General Books
บนชั้น
3. วิทยาศาสตร์การแพทย์ และสุขภาพ
วิทยาศาสตร์การแพทย์ และสุขภาพ
WY 160 ก492 ฉ.2 
  Barcode: 25355
ห้องสมุดวิทยาเขตนครสวรรค์
►หนังสือทั่วไป:l:General Books
บนชั้น
4. วิทยาศาสตร์การแพทย์ และสุขภาพ
วิทยาศาสตร์การแพทย์ และสุขภาพ
WY 160 ก492 ฉ.3 
  Barcode: 25356
ห้องสมุดวิทยาเขตนครสวรรค์
►หนังสือทั่วไป:l:General Books
บนชั้น
5. วิทยาศาสตร์การแพทย์ และสุขภาพ
วิทยาศาสตร์การแพทย์ และสุขภาพ
WY 160 ก492 ฉ.4 
  Barcode: 25357
ห้องสมุดวิทยาเขตนครสวรรค์
►หนังสือทั่วไป:l:General Books
บนชั้น
6. วิทยาศาสตร์การแพทย์ และสุขภาพ
วิทยาศาสตร์การแพทย์ และสุขภาพ
WY 160 ก492 ฉ.5 
  Barcode: 25358
ห้องสมุดวิทยาเขตนครสวรรค์
►หนังสือทั่วไป:l:General Books
บนชั้น
7. วิทยาศาสตร์การแพทย์ และสุขภาพ
วิทยาศาสตร์การแพทย์ และสุขภาพ
WY 160 ก492 ฉ.6 
  Barcode: 25423
ห้องสมุดวิทยาเขตนครสวรรค์
►หนังสือทั่วไป:l:General Books
บนชั้น
8. วิทยาศาสตร์การแพทย์ และสุขภาพ
วิทยาศาสตร์การแพทย์ และสุขภาพ
WY 160 ก492 ฉ.7 
  Barcode: 25359
ห้องสมุดวิทยาเขตนครสวรรค์
►หนังสือทั่วไป:l:General Books
บนชั้น
9. วิทยาศาสตร์การแพทย์ และสุขภาพ
วิทยาศาสตร์การแพทย์ และสุขภาพ
WY 160 ก492 ฉ.8 
  Barcode: 25360
ห้องสมุดวิทยาเขตนครสวรรค์
►หนังสือทั่วไป:l:General Books
บนชั้น
10. วิทยาศาสตร์การแพทย์ และสุขภาพ
วิทยาศาสตร์การแพทย์ และสุขภาพ
WY 160 ก492 ฉ.9 
  Barcode: 25361
ห้องสมุดวิทยาเขตนครสวรรค์
►หนังสือทั่วไป:l:General Books
ถูกยืม กำหนดส่งวันที่ 20 เมษายน 2568
  จอง

รายการใกล้เคียง
    หัวเรื่อง [Psychiatric Nursing]
    หัวเรื่อง [การพยาบาลจิตเวชศาสตร์]

BibComment


ยังไม่เคยถูกคอมเมนท์

คอมเมนท์ทรัพยากรรายการนี้
  คอมเมนท์: การพยาบาลจิตเวชศ..


 Copyright 2026. Bcnsprnw @Library